000 00203nam a22000977a 4500
082 _a823
_bHAY/A
100 _aDR. H HAYAKAWA
245 _aALL ABOUT OUR BODIES
650 _aENGLISH SHORT STORY
942 _cBK
999 _c3448
_d3448